| 000 | 00460nam a2200193Ia 4500 | ||
|---|---|---|---|
| 008 | 170705s9999 xx 000 0 und d | ||
| 020 | _a9780545289887 | ||
| 245 | _aHaunted castle on hallows eve / | ||
| 245 | _cMary Pope Osborne. | ||
| 260 | _aNew York : | ||
| 260 | _bScholastic, | ||
| 260 | _c2003 | ||
| 300 | _a113 pages : | ||
| 300 | _bcolor illustration ; | ||
| 300 | _c19cm. | ||
| 440 | _aMagic tree house ; | ||
| 440 | _v30 | ||
| 500 | _a390 | ||
| 999 |
_c335598 _d335598 |
||